000 00986nam a2200253 i 4500
001 69039
003 ES-MaACL
005 20260301183521.0
007 t|
008 040902s1869 sp ||||1| spa d
080 _a929 Alfonso (460) XII
080 _a94(460)"1868/70"
100 1 _aCampuzano y González, Ramón.
_9154041
245 1 0 _aEspaña por D. Alfonso XII :
_bverdadera candidatura de conciliación, y la más natural y conveniente /
_c[Ramón Campuzano y González].
260 _aMadrid :
_b[s.n.],
_c1869 (
_fImp. de J.A. García)
300 _a16 p. ;
_c21 cm.
530 _aDisponible en formato digital.
594 _aAutor: Ramón Campuzano y González (Catálogo BNE)
600 0 4 _aAlfonso
_bXII,
_cRey de España
_919874
651 4 _aEspaña-
_xReyes y soberanos-
_xSucesión.
_9156094
852 4 _aES-MaACL
_jT-105-F-16
856 4 _uhttp://bdh-rd.bne.es/viewer.vm?id=0000191229&page=1
_zBiblioteca Digital Hispánica
999 _c69039
_d69039